000 00277nam a22001217a 4500
008 170911b xxu||||| |||| 00| 0 eng d
041 _aeng
080 _a52
100 _a42
101 _aAST
245 _aTHE FASCINATING WORLD OF ASTRONOMY
_cRICHARDSON,R.S
942 _2udc
_cBK
999 _c27044
_d27044